000 00563nam a2200229Ia 4500
003 OSt
005 20221005131828.0
006 a|||||r|||| 00| 0
007 ta
008 221004b |||||||| |||| 00| 0 mal d
024 _a52830
037 _cTextual
040 _aCRL
_cCRL
_bmal
041 _2mal
_amal
082 _aM2wMRA, 32J6
100 _aPillai Bhaskara Au.
_9640150
245 0 _aSwadeshabtimani
260 _c1956
650 _aARTS
942 _hM2wMRA, 32J6
_cTEXL
_2cc
999 _c1061542
_d1061542